000 nam a22 4500
999 _c8865
_d8865
008 180316b ||||| |||| 00| 0 eng d
245 _aDemand for Filipino teachers in China.
260 _aDavao City
_bSun Star Davao
_cc2017
300 _apage 8.
650 0 _926843
_aEmployment.
942 _2ddc
_cPER